CRC handbook of chemistry and physics
Guardado en:
| Otros Autores: | |
|---|---|
| Formato: | Electrónico |
| Idioma: | English |
| Publicado: |
Boca Raton, FL :
Chapman and Hall/CRC,
c2002.
|
| Materias: | |
| Etiquetas: |
Agregar Etiqueta
Sin Etiquetas, Sea el primero en etiquetar este registro!
|
| LEADER | 00960nmm a22002295a 4500 | ||
|---|---|---|---|
| 001 | EIQ.libpla002748 | ||
| 008 | 070813s2002####flu########m########eng#d | ||
| 005 | 20070813172318.0 | ||
| 245 | 0 | 0 | |a CRC handbook of chemistry and physics |h [recurso electrónico] / |c David R. Lide editor in chief. |
| 260 | |a Boca Raton, FL : |b Chapman and Hall/CRC, |c c2002. | ||
| 300 | |a 1 CD-ROM ; |c 12 cm. | ||
| 500 | |a También disponible en versión impresa y online. | ||
| 538 | |a PC IBM o compatible, 486 o más, Windows 95 o más, 16 MB RAM, Adobe Acrobat (incluído en la máquina) | ||
| 020 | |a 0849308798 | ||
| 700 | 1 | |a Lide, David R., |e ed. |4 edt | |
| 246 | 3 | 0 | |a Handbook of chemistry and physics |
| 650 | 4 | |a Química |x Handbooks, manuales, etc. | |
| 650 | 4 | |a Física |x Handbooks, manuales, etc. | |
| 650 | 4 | |a Chemistry |x Handbooks, manuals, etc. | |
| 650 | 4 | |a Physics |x Handbooks, manuals, etc. | |
| 040 | |a AR-BbSID |b spa |c AR-BbSID | ||
| 859 | |a AR-BbSID |b BIB. PLAPIQUI |h 541.042 |i H 192 |p 5482 | ||
